Statistics for Head to Head - U.S. Presidents

Click here to take the quiz!

General Stats

  • This quiz has been taken 3,287 times
  • The average score is 10 of 15

Answer Stats

QuestionAnswer% Correct
Which Bush was in office for longer?
84%
Which Roosevelt represented the Democratic Party?
83%
Which was a native Dutch speaker?
75%
Which was assassinated?
72%
Which Nobel Peace Prize winner won their award first?
70%
Which left office in the same year they became president?
68%
Which signed the Declaration of Independence?
68%
Which has their face on U.S. currency?
68%
Which was the last president to be born in the 19th Century?
68%
Which never married?
66%
Which John Adams lost the popular vote?
60%
Which was President during the Mexican-American War?
60%
Which was born in California?
51%
Which was born first?
49%
Which established more National Parks?
27%

Score Distribution

Percentile by Number Answered

Percent of People with Each Score

Your Score History

You have not taken this quiz